Development of a device for registration and processing of EMG signals for a prototype of a bionic prosthetic hand; Journal of Physics: Conference Series; Vol. 1327 : Innovations in Non-Destructive Testing (SibTest 2019)

Podrobná bibliografie
Parent link:Journal of Physics: Conference Series
Vol. 1327 : Innovations in Non-Destructive Testing (SibTest 2019).— 2019.— [012047, 7 р.]
Korporativní autor: Национальный исследовательский Томский политехнический университет Инженерная школа неразрушающего контроля и безопасности Отделение электронной инженерии
Další autoři: Morenets (Morenetz) A. I. Artem Igorevich, Pavlenko B. N., Boltrushevich M. O., Drobchik V. V., Torgaev S. N. Stanislav Nikolaevich
Shrnutí:Title screen
This paper presents the stages of development of the device registration and processing of the EMG signal, the structural and schematic diagram of the device and the PCB of the device. The experimental results of testing the device in the form of oscillograms of EMG signals and control pulse signals that control the operation of the prototype bionic prosthetic hand are also presented.
Jazyk:angličtina
Vydáno: 2019
Témata:
On-line přístup:https://doi.org/10.1088/1742-6596/1327/1/012047
http://earchive.tpu.ru/handle/11683/57040
Médium: MixedMaterials Elektronický zdroj Kapitola
KOHA link:https://koha.lib.tpu.ru/cgi-bin/koha/opac-detail.pl?biblionumber=661309

MARC

LEADER 00000naa2a2200000 4500
001 661309
005 20260209144841.0
035 |a (RuTPU)RU\TPU\network\31634 
035 |a RU\TPU\network\31632 
090 |a 661309 
100 |a 20191128d2019 k||y0rusy50 ba 
101 0 |a eng 
102 |a GB 
135 |a drcn ---uucaa 
181 0 |a i  
182 0 |a b 
200 1 |a Development of a device for registration and processing of EMG signals for a prototype of a bionic prosthetic hand  |f A. I. Morenets (Morenetz), B. N. Pavlenko, M. O. Boltrushevich [et al.] 
203 |a Text  |c electronic 
300 |a Title screen 
320 |a [References: 10 tit.] 
330 |a This paper presents the stages of development of the device registration and processing of the EMG signal, the structural and schematic diagram of the device and the PCB of the device. The experimental results of testing the device in the form of oscillograms of EMG signals and control pulse signals that control the operation of the prototype bionic prosthetic hand are also presented. 
461 1 |0 (RuTPU)RU\TPU\network\3526  |t Journal of Physics: Conference Series 
463 1 |0 (RuTPU)RU\TPU\network\31502  |t Vol. 1327 : Innovations in Non-Destructive Testing (SibTest 2019)  |o V International Conference, 26–28 June 2019, Yekaterinburg, Russia  |o [proceedings]  |f National Research Tomsk Polytechnic University (TPU)  |v [012047, 7 р.]  |d 2019 
610 1 |a электронный ресурс 
610 1 |a труды учёных ТПУ 
610 1 |a устройства 
610 1 |a регистрация 
610 1 |a обработка 
610 1 |a сигналы 
610 1 |a бионические протезы 
610 1 |a протезы 
610 1 |a руки 
610 1 |a осциллограммы 
701 1 |a Morenets (Morenetz)  |b A. I.  |c specialist in the field of electronics  |c engineer of Tomsk Polytechnic University  |f 1997-  |g Artem Igorevich  |3 (RuTPU)RU\TPU\pers\46748 
701 1 |a Pavlenko  |b B. N. 
701 1 |a Boltrushevich  |b M. O. 
701 1 |a Drobchik  |b V. V. 
701 1 |a Torgaev  |b S. N.  |c specialist in the field of electronics  |c associate Professor of Tomsk Polytechnic University, candidate of physico-mathematical Sciences  |f 1984-  |g Stanislav Nikolaevich  |3 (RuTPU)RU\TPU\pers\31663  |9 15800 
712 0 2 |a Национальный исследовательский Томский политехнический университет  |b Инженерная школа неразрушающего контроля и безопасности  |b Отделение электронной инженерии  |3 (RuTPU)RU\TPU\col\23507 
801 2 |a RU  |b 63413507  |c 20210205  |g RCR 
856 4 |u https://doi.org/10.1088/1742-6596/1327/1/012047 
856 4 |u http://earchive.tpu.ru/handle/11683/57040 
942 |c CF